000 00567nam a2200205Ia 4500
005 20250508165131.0
008 008 250505s9999 xx 000 0 eng d
020 _a0-19-564653-3
037 _aTextual
040 _aFEDL
_beng
_cFEDL
041 _aeng
_2eng
084 _a320.54, ALO
_qFEDL
100 _aAloysius G
_914271
245 0 _aNationalism without a nation in India
260 _aNew Delhi, India
_bOxford University Press
_c2011
300 _a265p.
365 _aINR
_b35
942 _cTEXL
_h320.54, ALO
999 _c1393333
_d1393333